Nonlethal weapons and capabilities (Record no. 48284)
[ view plain ]
| 000 -LEADER | |
|---|---|
| fixed length control field | 01504nam a2200325Ia 4500 |
| 245 00 - TITLE STATEMENT | |
| Title | Nonlethal weapons and capabilities |
| 260 ## - PUBLICATION, DISTRIBUTION, ETC. (IMPRINT) | |
| Place of publication | New York, NY : |
| Name of publisher | Council on Foreign Relations Press ; |
| Place of publication | [Washington, D.C. : |
| Name of publisher | Distributed by the Brookings Institution Press], |
| Year of publication | c2004. |
| 300 ## - PHYSICAL DESCRIPTION | |
| Number of Pages | vii, 63 p. |
| 650 #0 - SUBJECT ADDED ENTRY--TOPICAL TERM | |
| Topical Term | Nonlethal weapons |
| Topical Term | Peacekeeping forces, American. |
| 700 1# - ADDED ENTRY--PERSONAL NAME | |
| Personal name | Allison, Graham T. |
| Personal name | Kelley, P. X. |
| Personal name | Garwin, Richard L. |
| 856 40 - ELECTRONIC LOCATION AND ACCESS | |
| Uniform Resource Identifier | http://site.ebrary.com/lib/rucke/Doc?id=10064793 |
No items available.
